000 00517nam a2200169 a 4500
005 20140310183343.0
008 061220s19uu xx 00 eng d
020 _a1876907266
050 _aTR 270
_b.T531 2002
245 _aThrough the lens :
_binternational architechtural photographers /
260 _aAustralia :
_bThe Images Publishing Group Pty. Ltd,
_c2002.
300 _a224 p. :
_bcol. ill. ;
_c31 cm.
521 _aMA
650 _aArchitecture
_xPictorial works.
942 _cBK
_2lcc
_kFOR
999 _c21860
_d21860